Derechos de propiedad y éxito en proyectos colectivos: los bancomunales de finca /
Tallennettuna:
| Päätekijä: | |
|---|---|
| Aineistotyyppi: | Kirja |
| Kieli: | Spanish |
| Tagit: |
Lisää tagi
Ei tageja, Lisää ensimmäinen tagi!
|
MARC
| LEADER | 00000nam a22000007a 4500 | ||
|---|---|---|---|
| 003 | cru CIDCACS/IIS | ||
| 005 | 20171220112113.0 | ||
| 007 | ta | ||
| 008 | 171220t1993 cr |||||r|||||||| ||spa|d | ||
| 999 | |c 40768 |d 40768 | ||
| 040 | |c cru CIDCACS/IIS | ||
| 100 | 1 | |9 6287 |a Chaves, Rodrigo A. | |
| 245 | 1 | |a Derechos de propiedad y éxito en proyectos colectivos: |b los bancomunales de finca / |c Rodrigo A. Chaves | |
| 300 | |a páginas 151-210: |b tablas | ||
| 773 | 0 | |0 40765 |9 1715 |a González Vega, Claudio |d Costa Rica: Academia de Centroamérica ; Ohio State University; Fundación Interamericana, 1993 |o 16454 |t Financiamiento de la microempresa rural: |z 9977210195 | |
| 942 | |2 ddc |c LI | ||



